Sustainable Technology and Entrepreneurship
Na minha lista:
| Formato: | Periódico |
|---|---|
| Idioma: | inglês |
| Publicado em: |
Amsterdam
Elsevier Science Publishers B.V.
|
| Tags: |
Sem tags, seja o primeiro a adicionar uma tag!
|
MARC
| LEADER | 00000nls a2200000 4500 | ||
|---|---|---|---|
| 001 | 0314671 | ||
| 005 | 20260202102301.9 | ||
| 022 | |a 2773-0328 | ||
| 041 | 0 | |a eng | |
| 044 | |a NL | ||
| 245 | 1 | 0 | |a Sustainable Technology and Entrepreneurship |
| 264 | 1 | |a Amsterdam |b Elsevier Science Publishers B.V. | |